Orientación vocacional : (Registro nro. 22004)

Detalles MARC
000 -Cabecera
Campo de control interno 00877nam a2200253Ia 4500
005 - Fecha y hora del registro
control field 20260320113333.0
008 - Elementos de Longitud Fija
fixed length control field 260320s9999||||xx |||||||||||||| ||und||
020 ## - ISBN
ISBN 9798650666325
041 ## - Idioma
Codigo Idioma ESP
082 ## - DEWEY y NOTACIÓN INTERNA
Dewey 371.42
Notación Interna M585
100 ## - AUTOR
Autor denominación Müller, Marina,
Término de relación autor
245 #0 - TÍTULO DE MATERIAL BIBLIOGRÁFICO
Título Orientación vocacional :
Título paralelo aportes clínicos y educacionales
246 ## - TÍTULO TRADUCIDO
Título
Título paralelo
Autor
260 ## - CIUDAD, EDITORIAL, AÑO
Ciudad [Lugar de publicación no identificado] :
Nombre de la Editorial Bonum,
Año [Fecha de publicación no identificada]
300 ## - DESCRIPCIÓN
N° Páginas 186 páginas :
Otros detalles ilustraciones ;
Dimensiones 23 cm.
Material Adicional
440 ## - MENCIÓN DE SERIE
Título de la Serie
Número de Serie
Volumen de Serie
650 ## - TEMAS
Temas Psicología
653 ## - DESCRIPTORES
Lenguajes no controlado Orientación vocacional; Educación
654 ## - PROGRAMAS
Programa Dpto. de Educación
700 ## - OTROS AUTORES
Otros autores
Títulos y otras palabras asociadas con el nombre
856 ## - URL - UBICACIÓN
URI/URL: Enlace exacto del recurso <a href="https://0u20vmxhv-y-https-ebookcentral-proquest-com.itmsp.museknowledge.com/lib/catolicasp/home.action">https://0u20vmxhv-y-https-ebookcentral-proquest-com.itmsp.museknowledge.com/lib/catolicasp/home.action</a>
Nota pública: Versión digital <a href="Véase además: Base de datos ProQuest Ebook Central">Véase además: Base de datos ProQuest Ebook Central</a>
942 ## - ELEMENTOS DE KOHA
Tipo de documento Libro
Nombre del creador Justo Noguera
Código de catalogador Margarita Torres
Esquema de clasificación Dewey Decimal Classification
Suppress in OPAC
Existencias
Codigo completo Registro Colección Copia número Disponibilidad Tipo de préstamo Biblioteca Actual Procedencia (Biblioteca) Ubicacón Fecha Ingreso Tipo de Adquisición Observación Date last seen Total checkouts Price effective from Tipo de Item Estado del Material Fuente de Clasificación Damaged status Withdrawn status
371.42 M585 1086573 Universidad Católica San Pablo 1 Disponible Disponible Víctor Andrés Belaunde Víctor Andrés Belaunde Planta baja abierta 10/03/2026 Compra Psicología 20/03/2026   20/03/2026 Libro Bueno Dewey Decimal Classification